| 000 | 00956cab a2200301 4500 | ||
|---|---|---|---|
| 001 | ABS54670 | ||
| 008 | 090401t1996 xxu||||| |||| 00| 0 eng d | ||
| 035 | _a(Sirsi) u11652 | ||
| 041 | _aeng | ||
| 100 | _aMurdoch, G. | ||
| 245 | _aFinancing buildings for businesses: to own or to rent? | ||
| 260 | _c1996 | ||
| 350 | _a0 | ||
| 490 |
_aProperty Finance & Development _v8(2) February 1996, 7-9(3) |
||
| 520 | _aAvailability, affordability and achievability are identified as three key factors in the financing of company buildings assessing pros and cons of leasing or buying outright. | ||
| 650 | _aACHIEVABILITY | ||
| 650 | _aAFFORDABILITY | ||
| 650 | _aAVAILABILITY | ||
| 650 | _aPROPERTY-COMMERCIAL PROPERTY | ||
| 650 | _aCORPORATE PROPERTY | ||
| 650 | _aFINANCE LEASING | ||
| 650 | _aMORTGAGE FINANCE | ||
| 650 | _aOWNERSHIP | ||
| 650 | _aRENTING | ||
| 690 | _aPROPERTY-COMMERCIAL PROPERTY | ||
| 942 | _n0 | ||
| 948 | _c04/03/1997 | ||
| 999 |
_c7436 _d7436 |
||